Vysoká dôchodková nerovnosť - výrazný stimulačný faktor ?

Gespeichert in:
Bibliographische Detailangaben
1. Verfasser: Rozborilová, Dária
Format: Buchkapitel
Sprache:Slowakisch
Tags: Tag hinzufügen
Keine Tags, Fügen Sie das erste Tag hinzu!

MARC

LEADER 00000naa$a2200000$$$4500
001 0111452
005 20240502083257.5
041 0 |a slo 
044 |a CZ 
245 1 0 |a Vysoká dôchodková nerovnosť - výrazný stimulačný faktor ?  |c Dária Rozborilová 
100 1 |a Rozborilová, Dária